Statistics for 1950s Female Movie Stars by image

Click here to take the quiz!

General Stats

  • This quiz has been taken 452 times
  • The average score is 10 of 20

Answer Stats

Answer% Correct
Marilyn Monroe
93%
Audrey Hepburn
88%
Elizabeth Taylor
88%
Doris Day
80%
Grace Kelly
74%
Sophia Loren
74%
Brigitte Bardot
66%
Shirley MacLaine
60%
Jayne Mansfield
51%
Natalie Wood
48%
Jane Russell
46%
Kim Novak
41%
Ava Gardner
33%
Diana Dors
25%
Debbie Reynolds
24%
Eva Marie Saint
24%
Joan Collins
23%
Susan Hayward
21%
Thelma Ritter
19%
Dorothy Dandridge
9%

Score Distribution

Percentile by Number Answered

Percent of People with Each Score

Your Score History

You have not taken this quiz